00862 a2200193 45000010006000000050017000060080041000230030015000640400040000790800091001192450031002100200018002412640036002593000019002955050215003141000020005297000020005498560099005694723120260407155740.0260407a1998 arg spa dAR-UNSa-BCEJYS aAR-UNSa-BCEJYSbspacAR-UNSa-BCEJYS a338.124xRetroceso de la actividad económica. Contracción económica (Pobreza...)10aHacia un mundo sin pobreza a84-89691-73-8 1aBarcelona :bAndres Belloc1998 a333 p.c23 cm. a1. Los inicios - 2. La fase experimental - 3. La creación - 4. ¿Es exportable el modelo Grameen? - 5. Algunas reflexiones sobre la economía - 6. Nuevas experiencias, nuevos horizontes - 7. Un mundo nuevo. 1 aYunus, Muhammad1 aAzócar, Pablo41uhttps://www.biblioeco.unsa.edu.ar/pmb/images/libros/L127439.jpgyImagen de portadaqimage/jpeg